| 000 | 01097nam a22002897a 4500 | ||
|---|---|---|---|
| 001 | 4586 | ||
| 003 | FISKH | ||
| 005 | 20240917123503.0 | ||
| 008 | 240917b cb ||||| |||| 00| 0 eng d | ||
| 020 | _a9780545624343 | ||
| 040 |
_aFISKH _beng _cFISKH _dFISKH |
||
| 050 | _aPZ7.C3197 | ||
| 082 | _2813.6 | ||
| 100 | _aCervantes, Angela | ||
| 245 |
_aGaby, lost and found / _cBy Angela Cervantes |
||
| 250 | _aFirst paperback printing in 2015 | ||
| 260 |
_aNew York : _bScholastic, _c2013. |
||
| 300 |
_a220 pages : _c20cm |
||
| 505 | _aP | ||
| 520 | _aGaby Howard loves volunteering at the local animal shelter. Her mother has been deported to Honduras and Gaby is stuck living with her inattentive dad. She's confident that her mom will come home soon so that they can adopt Gaby's favorite shelter cat together. But Gaby worries that her plans for the perfect family are about to fall apart. | ||
| 521 | 8 |
_a640L
_bLexile |
|
| 521 | 8 |
_aP
_bRaz-Plus |
|
| 650 |
_2Deportation _aImmigration _vFiction |
||
| 650 |
_2Latinx _aRealistic fiction |
||
| 942 |
_2ddc _cBK _n0 |
||
| 999 |
_c4586 _d4586 |
||